[Event "22nd ch-EUR Indiv 2022"]
[Site "Terme Catez SLO"]
[Date "2022.04.06"]
[Round "11.122"]
[White "Monpeurt, Cyrielle"]
[Black "Kastelic, Marian"]
[Result "1/2-1/2"]
[WhiteTitle "WFM"]
[BlackTitle "FM"]
[WhiteElo "2156"]
[BlackElo "2287"]
[WhiteFideId "677400"]
[BlackFideId "14602245"]
[EventDate "2022.03.27"]

1. e4 e5 2. Nf3 Nc6 3. Bb5 Nge7 4. Nc3 a6 5. Bc4 Ng6 6. d4 exd4 7. Nxd4 Bc5 8.
Be3 Nxd4 9. Bxd4 Bxd4 10. Qxd4 O-O 11. O-O d6 12. f4 Kh8 13. Rad1 b5 14. Bd5 Rb8
15. f5 Ne5 16. a3 Bb7 17. Kh1 Qh4 18. Rde1 c6 19. Ba2 Rbd8 20. Re3 c5 21. Qd2 c4
22. Rh3 Qf6 23. Rf4 h6 24. Nd5 Bxd5 25. Qxd5 Ng6 26. Rf1 Qxb2 27. Qd2 Qf6 28. g4
Nh4 29. Qe1 Rfe8 30. Rxh4 d5 31. Qg3 Rxe4 32. g5 Qd4 33. c3 Qe3 34. gxh6 Qxg3
35. hxg3 Rxh4+ 36. gxh4 d4 37. hxg7+ Kxg7 38. cxd4 Rxd4 39. Bb1 Kf6 40. Kg2 a5
41. Kg3 b4 42. axb4 axb4 43. h5 b3 44. Kf3 c3 45. Ke3 Rh4 46. Bd3 Ke5 47. Ra1
Rh3+ 48. Ke2 Rh2+ 49. Ke3 c2 50. Re1 Kd5 51. h6 b2 52. Bxc2 Rxc2 53. Rb1 Ke5 54.
h7 Rh2 55. Rxb2 Rh3+ 56. Kf2 Kxf5 1/2-1/2

[Event "22nd ch-EUR Indiv 2022"]
[Site "Terme Catez SLO"]
[Date "2022.04.06"]
[Round "11.123"]
[White "Mihov, Filip"]
[Black "Horvat, Damjan"]
[Result "1-0"]
[WhiteElo "2255"]
[BlackElo "2145"]
[WhiteFideId "15003892"]
[BlackFideId "14545535"]
[EventDate "2022.03.27"]

1. e4 c5 2. Nf3 a6 3. c3 d5 4. d3 Nc6 5. Nbd2 e6 6. g3 Be7 7. Bg2 Nf6 8. O-O O-O
9. e5 Nd7 10. Re1 Qc7 11. Qe2 b5 12. Nf1 a5 13. h4 a4 14. a3 b4 15. Bf4 bxc3 16.
bxc3 Rb8 17. Ng5 h6 18. Nh3 Re8 19. Ne3 d4 20. Ng4 Bf8 21. Nxh6+ gxh6 22. Qg4+
Kh8 23. Qh5 Ncxe5 24. Rxe5 Nf6 25. Qd1 Bb7 26. Rxe6 Qd7 27. Rxf6 Bxg2 28. Kxg2
Bg7 29. Rd6 Qb7+ 30. Kh2 dxc3 31. Bxh6 Be5 32. Qh5 Bxd6 33. Bg5+ Kg8 34. Bf6
Bxg3+ 35. Kxg3 Qc7+ 36. Nf4 Qxf4+ 37. Kxf4 Rb4+ 38. axb4 Re4+ 39. Kxe4 cxb4 40.
Qh8# 1-0

[Event "22nd ch-EUR Indiv 2022"]
[Site "Terme Catez SLO"]
[Date "2022.04.06"]
[Round "11.124"]
[White "Vagman, Roy"]
[Black "Van Hoolandt, Patrick"]
[Result "0-1"]
[WhiteTitle "CM"]
[BlackTitle "FM"]
[WhiteElo "2247"]
[BlackElo "2065"]
[WhiteFideId "2828995"]
[BlackFideId "200999"]
[EventDate "2022.03.27"]

1. e4 e5 2. Nf3 Nc6 3. Nc3 Nf6 4. Bb5 Bd6 5. d3 a6 6. Ba4 h6 7. a3 O-O 8. h3 Bc5
9. O-O b5 10. Bb3 d6 11. Nd5 Be6 12. c3 Ba7 13. Be3 Nd7 14. Re1 Re8 15. Rc1 Na5
16. Bc2 c6 17. Bxa7 Rxa7 18. Ne3 d5 19. exd5 cxd5 20. b4 Nc6 21. Bb3 Nf6 22. d4
e4 23. Ne5 Qd6 24. N5g4 Nh7 25. Rc2 Ne7 26. f3 f5 27. Ne5 f4 28. N3g4 e3 29. Nd3
Bf5 30. Nge5 Rc7 31. Nxf4 Bxc2 32. Qxc2 g5 33. Nfd3 Nc6 34. Nxc6 Qxc6 35. Nc5
Kg7 36. Qf5 Nf6 37. Bc2 Kh8 38. Qg6 Ng8 39. Qd3 Qf6 40. Bb3 Qd6 41. Qf5 Nf6 42.
Qg6 Rg8 43. Qd3 Re8 44. Bc2 Rg7 45. Rxe3 Rxe3 46. Qxe3 Re7 47. Qd2 Qg3 48. Nd3
Nh5 49. Ne5 Nf4 50. Bf5 Kg7 51. Bc8 Rc7 52. Bf5 Rxc3 53. Nd3 Rxa3 54. Qf2 Ra1+ 0-1

[Event "22nd ch-EUR Indiv 2022"]
[Site "Terme Catez SLO"]
[Date "2022.04.06"]
[Round "11.125"]
[White "Veleski, Robert"]
[Black "Gershkowich, David"]
[Result "1-0"]
[WhiteTitle "FM"]
[BlackTitle "FM"]
[WhiteElo "2136"]
[BlackElo "2233"]
[WhiteFideId "15001008"]
[BlackFideId "2803356"]
[EventDate "2022.03.27"]

1. d4 Nf6 2. Nf3 g6 3. Bg5 Bg7 4. Nbd2 O-O 5. c3 d6 6. e4 h6 7. Bh4 g5 8. Bg3
Nh5 9. Nc4 d5 10. exd5 Nxg3 11. hxg3 Qxd5 12. Bd3 Qe6+ 13. Ne3 Qf6 14. Qe2 Rd8
15. O-O-O c5 16. dxc5 Nc6 17. Be4 Be6 18. Nd5 Bxd5 19. Rxd5 e6 20. Rxd8+ Rxd8
21. Rd1 Qe7 22. Bxc6 bxc6 23. Rxd8+ Qxd8 24. Qe4 g4 25. Nd2 Qg5 26. Qxc6 Bf8 27.
Qc8 Qxc5 28. Qxc5 Bxc5 29. Ne4 Be7 30. b4 f5 31. Nd2 Bd6 32. Nc4 Bc7 33. a4 Kf7
34. Kd1 Ke7 35. Ke2 h5 36. Na3 e5 37. Nb5 Bb8 38. c4 Kd7 39. Nc3 Kc6 40. a5 Bd6
41. Nd5 a6 42. Kd3 Kb7 43. c5 Bf8 44. Ne3 e4+ 45. Kc4 Bh6 46. Nxf5 Bd2 47. Nd6+
Kc6 48. Nxe4 Be1 49. Nf6 Bxf2 50. Nxh5 Be1 51. Nf6 Bxg3 52. Nxg4 Bf4 53. Nf2 Bg3
54. Ne4 1-0

[Event "22nd ch-EUR Indiv 2022"]
[Site "Terme Catez SLO"]
[Date "2022.04.06"]
[Round "11.126"]
[White "Rozman, Monika"]
[Black "Rakhmangulova, Anastasiya"]
[Result "0-1"]
[WhiteTitle "WFM"]
[BlackTitle "WIM"]
[WhiteElo "2094"]
[BlackElo "2229"]
[WhiteFideId "14609118"]
[BlackFideId "14117479"]
[EventDate "2022.03.27"]

1. e4 c5 2. Nc3 Nc6 3. g3 g6 4. Bg2 Bg7 5. d3 d6 6. f4 e6 7. Nf3 Nge7 8. O-O O-O
9. Qe1 Nd4 10. Qf2 Nec6 11. Nd1 Rb8 12. Ne1 Qa5 13. Ne3 Qa6 14. f5 exf5 15. exf5
Nxf5 16. c3 Nxe3 17. Bxe3 Bf5 18. Qd2 Ne5 19. Rxf5 gxf5 20. Bd5 Rbe8 21. Bh6 Ng6
22. Nf3 Qb6 23. Rf1 Qd8 24. h4 Ne5 25. Bxg7 Kxg7 26. Ng5 h6 27. Nh3 Ng4 28. Rxf5
Ne3 29. Rh5 f5 30. Nf4 Rf6 31. c4 Qe7 32. Qa5 Ng4 33. Qd2 Qe1+ 34. Qxe1 Rxe1+
35. Kg2 Rb1 36. Bf3 Rxb2+ 37. Kg1 Rxa2 38. Bxg4 fxg4 39. Rd5 Kf7 40. d4 b6 41.
dxc5 bxc5 42. Rd1 a5 43. Nd5 Rf3 44. Kh1 Rxg3 45. Rf1+ Rf3 46. Re1 g3 47. Kg1 g2
48. Ne3 a4 49. h5 Rh3 50. Nxg2 Rg3 51. Kh1 Rh3+ 52. Kg1 Rxh5 53. Nf4 Rg5+ 54.
Kh1 a3 55. Nd5 Rxd5 56. cxd5 Rb2 0-1

[Event "22nd ch-EUR Indiv 2022"]
[Site "Terme Catez SLO"]
[Date "2022.04.06"]
[Round "11.127"]
[White "Bauer, Thomas"]
[Black "Dubnevych, Maksym"]
[Result "1/2-1/2"]
[WhiteTitle "CM"]
[WhiteElo "2224"]
[BlackElo "2065"]
[WhiteFideId "1639293"]
[BlackFideId "14184001"]
[EventDate "2022.03.27"]

1. e4 c5 2. Nf3 Nc6 3. Bb5 g6 4. O-O Bg7 5. c3 Nf6 6. Re1 O-O 7. d4 d5 8. e5 Ne4
9. Bxc6 bxc6 10. Be3 cxd4 11. cxd4 Rb8 12. Qc1 f6 13. Nbd2 Bf5 14. exf6 exf6 15.
Qxc6 Qd7 16. Qa6 Rxb2 17. Nb3 Rc8 18. Nc5 Nxc5 19. dxc5 Be4 20. Bd4 Rc2 21. h3
Bxf3 22. gxf3 Rf8 23. Re6 f5 24. Bxg7 Qxg7 25. Rae1 Qd4 26. Kh1 Qxf2 27. Rxg6+
hxg6 28. Qxg6+ Kh8 29. Qh6+ Kg8 30. Rg1+ Qxg1+ 31. Kxg1 Rf7 32. Qd6 Rg7+ 33. Kf1
Rgg2 34. Qxd5+ Kg7 35. c6 Rcf2+ 36. Ke1 Rb2 37. Qd4+ Kg6 38. Qd6+ Kh5 39. Kf1
Rbf2+ 40. Ke1 Rb2 41. Kf1 Rbf2+ 42. Ke1 Rb2 1/2-1/2

[Event "22nd ch-EUR Indiv 2022"]
[Site "Terme Catez SLO"]
[Date "2022.04.06"]
[Round "11.128"]
[White "Debevec, Blaz"]
[Black "Hommer, Jeremy"]
[Result "0-1"]
[WhiteTitle "CM"]
[WhiteElo "2084"]
[BlackElo "2221"]
[WhiteFideId "14605813"]
[BlackFideId "12992577"]
[EventDate "2022.03.27"]

1. d4 e6 2. c4 Nf6 3. g3 d5 4. Nf3 Be7 5. Bg2 O-O 6. O-O dxc4 7. Qc2 b6 8. Ne5
Qxd4 9. Bxa8 Qxe5 10. Bf4 Qh5 11. Bg2 e5 12. Bd2 Be6 13. Nc3 a6 14. Rad1 Nbd7
15. Bc1 Nc5 16. Rfe1 b5 17. a4 Rb8 18. axb5 axb5 19. h4 Nb3 20. Be3 c5 21. Nd5
Bxd5 22. Bxd5 Nd4 23. Bxd4 cxd4 24. Bf3 Qg6 25. Qxg6 hxg6 26. Ra1 e4 27. Bg2 Bc5
28. e3 d3 29. Ra6 b4 30. Rc6 Rb5 31. Rxf6 gxf6 32. Bxe4 d2 33. Ra1 Ra5 34. Rb1
Ra2 35. Bc2 c3 36. Kf1 b3 37. Bxb3 Rxb2 0-1

[Event "22nd ch-EUR Indiv 2022"]
[Site "Terme Catez SLO"]
[Date "2022.04.06"]
[Round "11.129"]
[White "Lozynskyi, Bohdan"]
[Black "Lauda, Alexandr"]
[Result "1-0"]
[WhiteElo "2201"]
[BlackElo "1789"]
[WhiteFideId "14182602"]
[BlackFideId "13903179"]
[EventDate "2022.03.27"]

1. e4 c5 2. Be2 Nc6 3. f4 d5 4. d3 dxe4 5. dxe4 Qxd1+ 6. Bxd1 Nf6 7. e5 Nd5 8.
c3 g5 9. fxg5 Nxe5 10. Be2 Bf5 11. Bb5+ Bd7 12. Bxd7+ Kxd7 13. Nf3 Nxf3+ 14.
gxf3 h6 15. Na3 hxg5 16. Bxg5 Rh5 17. Bd2 Kc6 18. O-O-O Bg7 19. c4 Nb4 20. Bxb4
cxb4 21. Nc2 a5 22. Nd4+ Bxd4 23. Rxd4 Rah8 24. h4 Rf5 25. Rh3 Rhh5 26. Kd2 b5
27. cxb5+ Kxb5 28. Kd3 Kc5 29. b3 Rd5 30. Rxd5+ Kxd5 31. f4 e5 32. fxe5 Kxe5 33.
Ke3 f5 34. Rh2 Rh6 35. h5 f4+ 36. Kf3 Rc6 37. Kg4 Ke4 38. Re2+ Kd3 39. Rf2 Ke3
40. Rf3+ Ke2 41. Rxf4 1-0

[Event "22nd ch-EUR Indiv 2022"]
[Site "Terme Catez SLO"]
[Date "2022.04.06"]
[Round "11.130"]
[White "Herega, Nejc"]
[Black "Martinkus, Rolandas"]
[Result "1/2-1/2"]
[BlackTitle "FM"]
[WhiteElo "2185"]
[BlackElo "2033"]
[WhiteFideId "14634058"]
[BlackFideId "12800481"]
[EventDate "2022.03.27"]

1. d4 d5 2. c4 e6 3. Nc3 h6 4. Nf3 Nf6 5. g3 Bd6 6. Bg2 O-O 7. O-O Nc6 8. b3
dxc4 9. bxc4 e5 10. d5 Na5 11. Nd2 b6 12. Qc2 Bd7 13. Qd3 Nb7 14. e4 Nc5 15. Qe2
Re8 16. Nb3 Qe7 17. Be3 a6 18. h3 Reb8 19. Nxc5 Bxc5 20. a4 Ne8 21. Rfc1 Bxe3
22. Qxe3 Qc5 23. Nd1 Nd6 24. Qc3 Rf8 25. Nb2 Rae8 26. Nd3 Qd4 27. Qxd4 exd4 28.
e5 Nb7 29. f4 Nc5 30. Ra3 Nxa4 31. e6 fxe6 32. dxe6 Rxe6 33. Rxa4 Re3 34. Ra3
Bf5 35. Bf1 Rxg3+ 36. Kf2 Re3 37. Rd1 Bxd3 38. Rdxd3 Rxf4+ 39. Kg2 Re1 40. Rf3
Rxf3 41. Rxf3 Re3 42. Rxe3 dxe3 43. Kf3 c5 44. Kxe3 Kf7 45. Kf4 Kf6 46. Bd3 g6
47. Bb1 b5 48. cxb5 axb5 49. Ke4 g5 50. Kd5 c4 51. Kc5 h5 52. Kxb5 c3 53. Kc4
Ke5 54. Kxc3 g4 55. hxg4 hxg4 56. Bd3 Kf4 1/2-1/2

[Event "22nd ch-EUR Indiv 2022"]
[Site "Terme Catez SLO"]
[Date "2022.04.06"]
[Round "11.131"]
[White "Maksimovic, Masa"]
[Black "Kanyamarala, Trisha"]
[Result "1/2-1/2"]
[WhiteTitle "WFM"]
[BlackTitle "WIM"]
[WhiteElo "2063"]
[BlackElo "2180"]
[WhiteFideId "14408902"]
[BlackFideId "45004722"]
[EventDate "2022.03.27"]

1. e4 c5 2. Nf3 Nc6 3. d4 cxd4 4. Nxd4 Nf6 5. Nc3 e6 6. Ndb5 Bc5 7. Be2 O-O 8.
O-O a6 9. Nd6 Qc7 10. Nxc8 Raxc8 11. Bg5 Bd4 12. Bd3 Ne8 13. Kh1 f6 14. Bd2 Nd6
15. f4 f5 16. e5 Nf7 17. Rb1 d6 18. exd6 Nxd6 19. Qf3 Kh8 20. Qh3 Nd8 21. Ne2
Bf6 22. b3 b5 23. Ng1 N8b7 24. Nf3 Nf7 25. Ng5 Nxg5 26. fxg5 Be5 27. g6 h6 28.
Rbe1 Bc3 29. Bxc3 Qxc3 30. Rxe6 Nc5 31. Ree1 Nxd3 32. Qxd3 Qf6 33. c4 bxc4 34.
bxc4 Qxg6 35. Re5 Rcd8 36. Rd5 Rde8 37. c5 Qc6 38. Rdxf5 Rxf5 39. Qxf5 Re2 40.
Qf8+ Kh7 41. Qf5+ Kh8 1/2-1/2

[Event "22nd ch-EUR Indiv 2022"]
[Site "Terme Catez SLO"]
[Date "2022.04.06"]
[Round "11.132"]
[White "Chennaoui, Yasin"]
[Black "Wecker, Martin"]
[Result "1-0"]
[WhiteElo "2015"]
[BlackElo "2180"]
[WhiteFideId "1330667"]
[BlackFideId "12931462"]
[EventDate "2022.03.27"]

1. d4 Nf6 2. Nf3 c5 3. e3 g6 4. c4 cxd4 5. exd4 d5 6. Nc3 Bg7 7. Bg5 Be6 8. Qb3
Nbd7 9. cxd5 Nxd5 10. Nxd5 Qa5+ 11. Qb4 Qxd5 12. Qxe7# 1-0

[Event "22nd ch-EUR Indiv 2022"]
[Site "Terme Catez SLO"]
[Date "2022.04.06"]
[Round "11.133"]
[White "Miftari, Hedon"]
[Black "Lavrencic, Matic"]
[Result "1/2-1/2"]
[WhiteElo "1987"]
[BlackElo "2159"]
[WhiteFideId "15007065"]
[BlackFideId "14637847"]
[EventDate "2022.03.27"]

1. e4 c5 2. Nf3 d6 3. d4 cxd4 4. Nxd4 Nf6 5. Nc3 a6 6. Be2 e5 7. Nb3 Be7 8. Be3
Be6 9. Qd3 Nbd7 10. Nd5 Bxd5 11. exd5 O-O 12. O-O h5 13. h3 g6 14. c4 b6 15. a3
Ne8 16. Nd2 f5 17. f4 Bf6 18. Qc2 Qe7 19. Nf3 Ng7 20. Rae1 h4 21. fxe5 dxe5 22.
b4 Rfc8 23. Qb3 Kh8 24. Rc1 Nh5 25. Rfd1 Ng3 26. Bf1 f4 27. Bf2 Nxf1 28. d6 Qf7
29. Kxf1 e4 30. Nxh4 g5 31. Nf5 e3 32. Nxe3 fxe3 33. Qxe3 Rxc4 34. Rxc4 Qxc4+
35. Kg1 Rc8 36. Qf3 b5 37. Qf5 Rd8 38. Bb6 Qf4 39. Qxf4 gxf4 40. Bxd8 Bxd8 41.
Re1 Kg7 42. Re8 Bb6+ 43. Kf1 Kf6 44. Ra8 1/2-1/2

[Event "22nd ch-EUR Indiv 2022"]
[Site "Terme Catez SLO"]
[Date "2022.04.06"]
[Round "11.134"]
[White "Shpanko, Nadiia"]
[Black "Kocharin, Timur"]
[Result "1/2-1/2"]
[WhiteTitle "WIM"]
[WhiteElo "2247"]
[BlackElo "1760"]
[WhiteFideId "14132400"]
[BlackFideId "16240936"]
[EventDate "2022.03.27"]

1. Nf3 d5 2. e3 Nf6 3. b3 Bf5 4. Bb2 e6 5. Be2 h6 6. c4 Bd6 7. Nc3 c6 8. O-O
Nbd7 9. d3 Qe7 10. Nd4 Bh7 11. cxd5 exd5 12. Re1 1/2-1/2

[Event "22nd ch-EUR Indiv 2022"]
[Site "Terme Catez SLO"]
[Date "2022.04.06"]
[Round "11.135"]
[White "Spacapan, Simon"]
[Black "Tancsa, Tamas"]
[Result "0-1"]
[WhiteElo "1966"]
[BlackElo "2096"]
[WhiteFideId "14612461"]
[BlackFideId "783749"]
[EventDate "2022.03.27"]

1. e4 e5 2. Nf3 Nc6 3. Bc4 Nf6 4. d3 h6 5. c3 d6 6. h3 g5 7. g4 d5 8. exd5 Nxd5
9. Qe2 Bg7 10. Na3 O-O 11. Be3 a6 12. O-O-O b5 13. Bb3 b4 14. Nb1 bxc3 15. bxc3
Na5 16. Bc2 Rb8 17. Bc5 Re8 18. Qd2 Qf6 19. Nh2 Qc6 20. Ba3 Rxb1+ 21. Bxb1 Nxc3
22. Qc2 e4 23. Rde1 Be5 24. Bb4 exd3 25. Qxd3 Nxa2+ 26. Kd1 Nxb4 27. Qd6 Qxd6+ 0-1

[Event "22nd ch-EUR Indiv 2022"]
[Site "Terme Catez SLO"]
[Date "2022.04.06"]
[Round "11.136"]
[White "Yakimenko, Alexander A."]
[Black "Arsenie, Cristian Marc"]
[Result "1/2-1/2"]
[WhiteElo "2064"]
[BlackElo "1952"]
[WhiteFideId "24141917"]
[BlackFideId "1345923"]
[EventDate "2022.03.27"]

1. e4 c5 2. Nf3 Nc6 3. d4 cxd4 4. Nxd4 Nf6 5. Nc3 e5 6. Nde2 Bc5 7. Be3 Bxe3 8.
fxe3 Qa5 9. Qd2 O-O 10. O-O-O b5 11. Ng3 b4 12. Nd5 Qxa2 13. Nxf6+ gxf6 14. Qd6
Qa1+ 15. Kd2 Qxb2 16. Nh5 Qc3+ 17. Ke2 Qc4+ 18. Kf2 Qe6 19. Bc4 Qxd6 20. Rxd6
Na5 21. Bd5 Nb7 22. Ra6 Nd8 23. Bxa8 Bxa6 24. Ra1 Bb7 25. Bxb7 Nxb7 26. Rxa7 Nc5
27. Nxf6+ Kg7 28. Nxd7 Nxd7 29. Rxd7 Rc8 30. Rd2 Kg6 31. Kf3 f6 32. g4 Kg5 33.
Kg3 Rc4 34. h4+ Kg6 35. Rd6 h6 36. h5+ Kf7 37. Rd7+ Kg8 38. Rd6 Kf7 39. Rd7+ Kf8
40. Rh7 Rxc2 41. Rxh6 Kg7 42. Rg6+ Kf7 43. Rh6 Kg7 44. Rg6+ Kf7 45. Rh6 Kg7 46.
Rg6+ 1/2-1/2

[Event "22nd ch-EUR Indiv 2022"]
[Site "Terme Catez SLO"]
[Date "2022.04.06"]
[Round "11.137"]
[White "Henseler, Jorgen"]
[Black "Franco, Alessandro P."]
[Result "1/2-1/2"]
[WhiteElo "2059"]
[BlackElo "1848"]
[WhiteFideId "1023233"]
[BlackFideId "865923"]
[EventDate "2022.03.27"]

1. e4 e5 2. Nf3 Nc6 3. Bb5 a6 4. Ba4 Nf6 5. O-O Be7 6. Re1 b5 7. Bb3 O-O 8. c3
d5 9. exd5 Nxd5 10. Nxe5 Nxe5 11. Rxe5 c6 12. d4 Bd6 13. Re1 Qh4 14. g3 Qh3 15.
Be3 Bg4 16. Qd3 Rae8 17. Nd2 Kh8 18. Bxd5 cxd5 19. Qf1 Qh5 20. f3 Bh3 21. Qf2 f5
22. f4 Bg4 23. Qg2 Re4 24. Nxe4 fxe4 25. h4 Bf3 26. Qh2 Qg6 27. Kf1 Qh5 28. Kg1
Qg6 29. Kf1 Qh5 30. Kg1 1/2-1/2

[Event "22nd ch-EUR Indiv 2022"]
[Site "Terme Catez SLO"]
[Date "2022.04.06"]
[Round "11.138"]
[White "Zupancic, Urban"]
[Black "Patt, Zafrir"]
[Result "1-0"]
[WhiteElo "2047"]
[BlackElo "1771"]
[WhiteFideId "14606631"]
[BlackFideId "2840170"]
[EventDate "2022.03.27"]

1. d4 Nf6 2. c4 e6 3. Nf3 d5 4. g3 dxc4 5. Qa4+ Nc6 6. Bg2 Bb4+ 7. Bd2 Bxd2+ 8.
Nbxd2 O-O 9. Qxc4 Re8 10. e4 Ne7 11. O-O c6 12. Ne5 Ng6 13. Qc3 Qe7 14. b4 Bd7
15. Ndc4 Red8 16. Rfd1 Be8 17. Na5 Rac8 18. Rac1 Rc7 19. Nac4 Nd7 20. Nd3 Nb6
21. Ne3 f6 22. Nc5 Bf7 23. a4 Nd7 24. Nd3 Rcc8 25. a5 a6 26. Nc5 Rc7 27. Nd3
Rcc8 28. e5 Nh8 29. Nc4 Bg6 30. Nd6 Rb8 31. Nc5 Nf8 32. f4 Nf7 33. Nxf7 Bxf7 34.
Ne4 Bh5 35. Rd2 Ng6 36. Qc5 fxe5 37. fxe5 Qxc5 38. bxc5 Nh8 39. Bh3 Re8 40. Nd6
Re7 41. Rb2 g5 42. Rcb1 g4 43. Bg2 Bg6 44. Rxb7 Rbxb7 45. Rxb7 Rxb7 46. Nxb7 Be8
47. Nd8 Bd7 48. Nxc6 Nf7 49. Nb8 Bc8 50. Bf1 Nd8 51. Bxa6 Bxa6 52. Nxa6 Nc6 53.
Nc7 Kf7 54. a6 Na7 55. Kf2 Ke7 56. Ke3 Kd7 57. Na8 Kc6 58. Nb6 Kb5 59. Nd7 1-0

[Event "22nd ch-EUR Indiv 2022"]
[Site "Terme Catez SLO"]
[Date "2022.04.06"]
[Round "11.139"]
[White "Kodric, Gasper"]
[Black "Qorri, Fatmir"]
[Result "0-1"]
[WhiteElo "1787"]
[BlackElo "2031"]
[WhiteFideId "14625814"]
[BlackFideId "4702107"]
[EventDate "2022.03.27"]

1. c4 d6 2. g3 e5 3. Bg2 g6 4. Nc3 Bg7 5. d3 Nf6 6. Nf3 O-O 7. O-O Nh5 8. Rb1 a5
9. a3 Nc6 10. b4 axb4 11. axb4 f5 12. Qb3 Kh8 13. b5 Ne7 14. Bb2 f4 15. Ra1 Rb8
16. Ra7 fxg3 17. hxg3 h6 18. Rfa1 Be6 19. Nd2 c6 20. Nce4 d5 21. Nc5 Bg4 22.
Nxb7 Qc8 23. b6 Bxe2 24. cxd5 cxd5 25. Re1 Bg4 26. Ba3 Rxb7 27. Bxe7 Rxe7 28.
Rxe7 Qc5 29. Rf1 Nxg3 30. Rc7 Ne2+ 31. Kh1 Qd4 32. Qxd5 Qxb6 33. Rxg7 Qf6 34.
Nf3 Kxg7 35. Qe4 Bxf3 36. Qxf3 Qxf3 37. Bxf3 Rxf3 38. Kg2 Rxd3 39. Re1 Nf4+ 40.
Kg1 Kf6 41. Ra1 Kf5 42. Ra4 h5 43. Rb4 h4 44. Ra4 Rd1+ 45. Kh2 Rf1 46. Ra2 Nd3
47. Ra4 Rxf2+ 48. Kg1 Rf4 49. Ra3 e4 50. Ra5+ Ne5 51. Kg2 e3 52. Ra1 g5 53. Re1
Rf2+ 54. Kh1 Nf3 55. Re2 Rh2+ 56. Rxh2 Nxh2 57. Kxh2 e2 58. Kg2 e1=Q 59. Kh2 Kg4
60. Kg2 h3+ 0-1

[Event "22nd ch-EUR Indiv 2022"]
[Site "Terme Catez SLO"]
[Date "2022.04.06"]
[Round "11.140"]
[White "Garsky, Vladyslav"]
[Black "Javornik, Nik"]
[Result "1/2-1/2"]
[WhiteElo "1768"]
[BlackElo "2002"]
[WhiteFideId "34100270"]
[BlackFideId "14636549"]
[EventDate "2022.03.27"]

1. e4 c5 2. c3 d5 3. exd5 Qxd5 4. d4 Nc6 5. Nf3 Bf5 6. Be2 cxd4 7. cxd4 Bxb1 8.
Rxb1 e6 9. a3 Bd6 10. O-O Nf6 11. b3 O-O 12. Bc4 Qh5 13. g3 Rfd8 14. Bb2 Rac8
15. Kg2 b5 16. Bd3 Qd5 17. Kg1 Na5 18. Nd2 Bc7 19. Qe2 Nxb3 20. Nxb3 Qxb3 21.
Bxb5 Bb6 22. Rbc1 Qd5 23. Bc4 Qf5 24. Kg2 h5 25. h4 Rc6 26. d5 exd5 27. Bd3 Re6
28. Qc2 Ne4 29. f3 Qg6 30. fxe4 dxe4 31. Be2 Rd3 32. Bxd3 exd3 33. Qc8+ Kh7 34.
Rce1 Rc6 35. Qf5 Rc2+ 36. Kh3 Rxb2 37. Re5 f6 38. Qxh5+ Qxh5 39. Rxh5+ Kg6 40.
Rd5 d2 41. Rf3 Rc2 42. Rfd3 Bc5 43. h5+ Kh7 44. Rxd2 Rxd2 45. Rxd2 Bxa3 46. Kg4
a5 47. Kf5 Bb4 48. Rd8 Be1 49. g4 Bc3 50. Ra8 Bd2 51. Ra6 Kh6 52. Ra8 Kh7 53.
Rd8 Bc3 54. Ke6 Kh6 55. Rc8 Bb2 56. Kf5 Kh7 57. Rc4 Ba3 58. Ke6 Kh6 59. Kf7 Bb2 1/2-1/2

[Event "22nd ch-EUR Indiv 2022"]
[Site "Terme Catez SLO"]
[Date "2022.04.06"]
[Round "11.141"]
[White "Tribushnaya, Olga"]
[Black "Ghita, Vlad-Bogdan"]
[Result "1/2-1/2"]
[WhiteElo "1716"]
[BlackElo "1981"]
[WhiteFideId "14123045"]
[BlackFideId "1222198"]
[EventDate "2022.03.27"]

1. e4 g6 2. d4 Bg7 3. Nf3 d6 4. Nc3 a6 5. Bc4 Nf6 6. Bb3 O-O 7. h3 b5 8. a3 Bb7
9. Qe2 c5 10. dxc5 dxc5 11. e5 Nd5 12. Bxd5 Bxd5 13. Nxd5 Qxd5 14. O-O Nc6 15.
Re1 e6 16. c3 Na5 17. Bf4 Rfd8 18. Bg5 Rdc8 19. Rad1 Qc4 20. Qe3 Qb3 21. Qf4
Qxb2 22. Rd7 Rf8 23. Be7 Qxc3 24. Rc1 Qxa3 25. Bxc5 Qb2 26. Bxf8 Rxf8 27. Rcc7
Qb1+ 28. Kh2 Qf5 29. Qxf5 gxf5 30. Ra7 Nc6 31. Rxa6 Nxe5 32. Rb7 Nxf3+ 33. gxf3
Bd4 34. Kg2 Rc8 35. Rd6 e5 36. Rf6 Rc2 37. Rxf5 Rxf2+ 38. Kg3 f6 39. Rxf6 e4 40.
Rd6 Rxf3+ 41. Kg4 Bc5 42. Rd8+ Bf8 43. Rxb5 Kf7 44. Re5 Rf6 45. Rxe4 Kg6 46.
Ree8 Bd6 47. Rxd6 1/2-1/2

[Event "22nd ch-EUR Indiv 2022"]
[Site "Terme Catez SLO"]
[Date "2022.04.06"]
[Round "11.142"]
[White "Borisek, Anze"]
[Black "Palczert, Miklos"]
[Result "1/2-1/2"]
[WhiteElo "1905"]
[BlackElo "1770"]
[WhiteFideId "14608693"]
[BlackFideId "727938"]
[EventDate "2022.03.27"]

1. f4 d5 2. Nf3 Nf6 3. e3 c5 4. b3 Nc6 5. Bb2 Bf5 6. Bb5 e6 7. O-O Be7 8. Ne5
Qc7 9. Nxc6 bxc6 10. Be2 h6 11. d3 a5 12. Nd2 a4 13. Bf3 O-O 14. Qe2 Bh7 15. Kh1
Nd7 16. e4 Bf6 17. e5 Be7 18. g4 axb3 19. axb3 Rxa1 20. Rxa1 g5 21. f5 exf5 22.
e6 Bf6 23. exf7+ Rxf7 24. Ra8+ Kg7 25. Bxf6+ Nxf6 26. gxf5 Bxf5 27. Nf1 Re7 28.
Qf2 Qf4 29. Qg3 Qc1 30. Bg2 Qf4 31. Qxf4 gxf4 32. Bf3 Bg4 33. Kg2 Re1 34. Bxg4
Nxg4 35. Ra7+ Kg6 36. h3 Nf6 37. Kf2 Re6 38. Nd2 Nh5 39. Nf1 Kf5 40. Ra5 Rg6 41.
Rxc5 Kg5 42. c4 Kh4 43. cxd5 cxd5 44. Rxd5 Ng3 45. Rd4 Nxf1 46. Rxf4+ Kxh3 47.
Kxf1 Kg3 48. Re4 Kf3 49. b4 Rd6 50. Rh4 Ke3 51. Rh3+ Kd4 52. Ke2 Rb6 53. Kd2
Rxb4 54. Rh4+ Kc5 55. Rxh6 Rg4 56. Kc3 Rg5 57. Rh4 Kd5 58. Ra4 Rg3 59. Ra5+ Kd6
60. Kc4 Rg4+ 61. d4 Kc6 62. Rc5+ Kd6 63. Rd5+ Kc6 64. Rh5 Rg6 65. Ra5 Kd7 66.
Ra7+ Kd8 67. Kc5 Rh6 68. Ra8+ Kd7 69. Rg8 Rf6 70. Kd5 Rf5+ 71. Ke4 Rh5 72. d5
Rh6 73. Kd4 Kd6 74. Rd8+ Kc7 75. Ra8 Kd7 76. Ra7+ Kd8 77. Kc5 Rg6 78. Ra8+ Kd7
79. Rb8 Kc7 80. Re8 Kd7 81. Re5 Rh6 82. Rg5 Rf6 83. Rg8 Rh6 84. Rg5 Rf6 85. d6
Rf1 86. Rg7+ Kd8 87. Rg4 Kd7 88. Rg7+ Kd8 1/2-1/2

[Event "22nd ch-EUR Indiv 2022"]
[Site "Terme Catez SLO"]
[Date "2022.04.06"]
[Round "11.143"]
[White "Bashylina, Luisa"]
[Black "Zlatanovic, Marcus"]
[Result "1-0"]
[WhiteTitle "WFM"]
[WhiteElo "2043"]
[BlackElo "1680"]
[WhiteFideId "12983292"]
[BlackFideId "14626195"]
[EventDate "2022.03.27"]

1. d4 Nf6 2. c4 g6 3. h4 Bg7 4. Nc3 d5 5. h5 O-O 6. hxg6 fxg6 7. cxd5 Nxd5 8. e4
Nxc3 9. bxc3 c5 10. Bc4+ e6 11. Ne2 Nc6 12. Be3 Na5 13. Bd3 c4 14. Bc2 b5 15.
Qd2 Rf7 16. Rb1 a6 17. f3 Bb7 18. e5 Nc6 19. Bh6 Ne7 20. Bxg7 Rxg7 21. Nf4 Qd7
22. Nh3 Nd5 23. Ng5 Qe7 24. Ne4 Rf8 25. Kf2 Rgf7 26. Rh6 Nf4 27. Rbh1 Bxe4 28.
Bxe4 Qg5 29. Kf1 Rg7 30. R6h4 Nh3 31. Qe1 Nf4 32. Qd2 Nh3 33. Qxg5 Nxg5 34. Bc2
Nf7 35. Ke2 Nd8 36. Be4 Rd7 37. Bxg6 Rg7 38. Bxh7+ 1-0